000 01863cam a22004694i 4500
003 PE-LiUPU
005 20250731173513.0
008 150616s r 000 0 d
020 _a0800624939
035 _a(Sirsi) i9780800624934
040 _aPE-LiUPU
_bspa
_cPE-LiUPU
_erda
049 _aPRUA
082 0 4 _a296.09014
_bB64
_221
100 1 _aBoccaccini, Gabriele,
_eautor.
245 1 0 _aMiddle Judaism :
_bJewish thought, 300 B.C.E. to 200 C.E. /
_cGabriele Boccaccini ; con un prólogo de James H. Charlesworth.
264 1 _aMinneapolis :
_bFortress Press,
_c1991.
300 _a289 páginas ;
_c23 centímetros
336 _atext
_2rdacontent
337 _aunmediated
_2rdamedia
338 _avolume
_2rdacarrier
505 0 _aMiddle judaism.- Toward a Bibliography of middle judaism.- Ben sira, Qoholet, and apocalyptic.- Daniel and the dream visions.- TLhe letter of aristeas.- Philo of alexandria.- James, Paul (and Jesus).- Do this in remembrance of me.- flavius josephus.- Boundless salvation.
526 _aSEG42
526 _aSEG41
526 _aSEG40
526 _aSEG39
526 _aP94
526 _aP87
526 _aP86
526 _aP85
526 _aP77
526 _aP76
526 _aP35
650 0 4 _aJudaísmo
_xHistoria
_yPeríodo post-exílico, año 586 aC-210 dC.
700 1 _aCharlesworth, James H.,
_eprologuista.
910 _ajck
_bjvq
_cjck
942 _2ddc
_cBOOK
949 _a296.09014 B64
_wDEWEY
_c1
_i41343
_lCCODEBUL1
_mBUL
_r0
_sY
_tBOOK
_u2015-6-16
_xTEOLOGIA
_zUNKNOWN
_0COMPRA
_o.STAFF. Colección General
994 _aC0
_bPEPRU
596 _a1
999 _a296.09014 B64
_wDEWEY
_c59008
_i41343
_f2021-11-11
_g5
_lCCODEBUL1
_mBUL
_r0
_sY
_tBOOK
_u2015-6-16
_xTEOLOGIA
_zUNKNOWN
_0COMPRA
_o.STAFF. Colección General
_d59008
980 _81
_gALBERTO SANCHEZ Responsable de Automatización